Speciálně pedagogická centra / Libuše Kubová
Record details
- ISBN: 80-85801-42-6
- Physical Description: 102 s. : ukázky formulářů ; 21 cm
- Edition: 1. vyd.
- Publisher: Praha : Septima, 1995
Content descriptions
| General Note: | Obálka Jiřina Perglová |
| Bibliography, etc. Note: | Bibliogr. |
Search for related items by subject
| Subject: | speciálně pedagogická centra > Česko |
| Genre: | příručky |
Available copies
- 1 of 1 copy available at Common Catalog SPOK.
Holds
- 0 current holds with 1 total copy.
Show Only Available Copies
| Location | Call Number / Copy Notes | Barcode | Shelving Location | Status | Due Date |
|---|---|---|---|---|---|
| Jabok Library | PeS-4/K | 424480001250 | Odborná literatura | Available | - |
| LDR | 00978nam a2200325 a 4500 | ||
|---|---|---|---|
| 001 | 12195 | ||
| 003 | CZ-PrJAB | ||
| 005 | 20190717121534.0 | ||
| 007 | tu | ||
| 008 | 950817s1995 xr k e 000 0 cze | ||
| 015 | . | ‡acnb000108675 | |
| 020 | . | ‡a80-85801-42-6 ‡q(brož.) | |
| 035 | . | ‡a(CZ PrNK)np9545083 | |
| 035 | . | ‡a(OCoLC)36613501 | |
| 040 | . | ‡aABA001 ‡bcze | |
| 043 | . | ‡ae-cz--- | |
| 080 | . | ‡a376 ‡2undef | |
| 100 | 1 | . | ‡aKubová, Libuše ‡7jn20010310191 ‡4aut |
| 245 | 1 | 0. | ‡aSpeciálně pedagogická centra / ‡cLibuše Kubová |
| 250 | . | ‡a1. vyd. | |
| 260 | . | ‡aPraha : ‡bSeptima, ‡c1995 | |
| 300 | . | ‡a102 s. : ‡bukázky formulářů ; ‡c21 cm | |
| 500 | . | ‡aObálka Jiřina Perglová | |
| 504 | . | ‡aBibliogr. | |
| 650 | 0 | 7. | ‡aspeciálně pedagogická centra ‡7ph125889 ‡zČesko ‡2czenas |
| 653 | 0 | . | ‡apedagogické poradny ‡aspeciální pedagogika ‡azdravotně postižené osoby |
| 655 | 7. | ‡apříručky ‡7fd133209 ‡2czenas | |
| 700 | 1 | . | ‡aPerglová, Jiřina ‡4bjd |
| 910 | . | ‡aABG312 | |
| 995 | . | ‡aska | |
| 901 | . | ‡a12195 ‡bUnknown ‡c12195 ‡tbiblio | |